Quality mark scheme launched (Record no. 67615)

MARC details
000 -LEADER
fixed length control field 00777cam a2200193 4500
001 - CONTROL NUMBER
control field WB3726-02
008 - FIXED-LENGTH DATA ELEMENTS--GENERAL INFORMATION
fixed length control field 000000n2001 000 0 eng u
035 ## - SYSTEM CONTROL NUMBER
System control number (Sirsi) u113507
245 ## - TITLE STATEMENT
Title Quality mark scheme launched
260 ## - PUBLICATION, DISTRIBUTION, ETC.
Place of publication, distribution, etc. c2001
490 ## - SERIES STATEMENT
Series statement DTI Press Release
Volume/sequential designation (p/2001/344) 5 July 2001, (3)
520 ## - SUMMARY, ETC.
Summary, etc. Launch of quality mark scheme promising to build confidence for consumers and repute for tradesmen. Scheme places the names of builders and tradesmen who reach the standard required on a register. The register can be accessed by dialing 0845 300 80 40 or via the internet at; http://www.qualitymark.org.uk
590 ## - LOCAL NOTE (RLIN)
Local note WB
650 ## - SUBJECT ADDED ENTRY--TOPICAL TERM
Topical term or geographic name entry element COWBOY BUILDERS
650 ## - SUBJECT ADDED ENTRY--TOPICAL TERM
Topical term or geographic name entry element QUALITY MARK
650 ## - SUBJECT ADDED ENTRY--TOPICAL TERM
Topical term or geographic name entry element CONTRACTORS
690 ## - LOCAL SUBJECT ADDED ENTRY--TOPICAL TERM (OCLC, RLIN)
Topical term or geographic name as entry element BUILT ENVIRONMENT
942 ## - ADDED ENTRY ELEMENTS (KOHA)
Suppress in OPAC 0
Holdings
Withdrawn status Lost status Source of classification or shelving scheme Damaged status Not for loan Home library Current library Shelving location Date acquired Total Checkouts Full call number Barcode Date last seen Copy number Price effective from Koha item type
    Dewey Decimal Classification     London London News article 05/07/2001   WB3726-02 113507-1001 06/08/2019 1 06/08/2019 News article